Adaptivita průmyslových robotů při manipulačních a montážních operacích = Adaptability of industrial robots in handling and assembly operations : zkrácená verze Ph.D. Thesis /

Hlavní autor: Blecha, Radim, 1974-
Korporativní autor: Vysoké učení technické v Brně. Ústav výrobních strojů, systémů a robotiky
Jazyk: Čeština
Vydáno: [V Brně : Vysoké učení technické], c2006
Edice: Vědecké spisy Vysokého učení technického v Brně. PhD Thesis, sv. 370
Témata:
Fyzický popis: 20 s. : il. ; 21 cm
Language note: Anglické resumé
Knihy
Uloženo v:
LEADER 02150nam a2200481 a 4500
001 nkc20061655283
003 CZ PrNK
005 20070201104108.0
007 ta
008 060517s2006 xr a f m 000 0 cze
015 |a cnb001655283 
020 |a 80-214-3182-2  |q (brož.) 
035 |a (OCoLC)85545050 
040 |a OLA001  |b cze  |d BOA001  |d ABA001 
041 0 |a cze  |b eng 
072 7 |a 621  |x Strojírenství  |2 Konspekt  |9 19 
080 |a 621.865.8  |2 MRF 
080 |a (043.3)  |2 MRF 
080 |a (048.3)  |2 MRF 
100 1 |a Blecha, Radim,  |d 1974-  |7 mzk2006353810  |4 aut 
245 1 0 |a Adaptivita průmyslových robotů při manipulačních a montážních operacích =  |b Adaptability of industrial robots in handling and assembly operations : zkrácená verze Ph.D. Thesis /  |c Radim Blecha 
246 3 1 |a Adaptability of industrial robots in handling and assembly operations 
260 |a [V Brně :  |b Vysoké učení technické],  |c c2006 
300 |a 20 s. :  |b il. ;  |c 21 cm 
490 1 |a Vědecké spisy Vysokého učení technického v Brně. PhD Thesis,  |x 1213-4198 ;  |v sv. 370 
500 |a Zkrácená verze disertace (Ph.D.)--Vysoké učení technické v Brně, Fakulta strojního inženýrství, Ústav výrobních strojů, systému a robotiky, 2006 
500 |a "Obor: konstrukční a procesní inženýrství" 
504 |a Obsahuje bibliografii 
546 |a Anglické resumé 
650 0 7 |a průmyslové roboty  |7 ph124750  |2 czenas 
650 0 9 |a industrial robots  |2 eczenas 
655 7 |a disertace  |7 fd132024  |2 czenas 
655 7 |a teze  |7 fd133701  |2 czenas 
655 9 |a dissertations  |2 eczenas 
655 9 |a abstracts  |2 eczenas 
710 2 |a Vysoké učení technické v Brně.  |b Ústav výrobních strojů, systémů a robotiky  |7 kn20020808059 
810 2 |a Vysoké učení technické v Brně.  |t Vědecké spisy.  |p PhD Thesis  |0 s 
910 2 |a BOA001  |b 2-1173.143 
990 |a BK 
995 |a 01 
991 |b 200608  |c NOV 
996 6 |b 2610286687  |c 2-1173.143  |l MZK  |r Sklad / do 1 hodiny  |n 0  |p p.v.  |w 000823153  |u 000010  |a 1  |e BOA001  |j MZK50  |s P 
996 7 |b 2610286688  |c 2-1173.143  |l MZK  |r Sklad / do 1 hodiny  |n 1  |p p.v.  |w 000823153  |u 000020  |a 1  |e BOA001  |j MZK50  |s A